LIBRARY & INFORMATION CENTRE, KCAET, TAVANUR

ONLINE PUBLIC ACCESS CATALOGUE (OPAC)

A Text Book of Engineering Chemistry (Record no. 14123)

MARC details
000 -LEADER
fixed length control field 00314nam a22001217a 4500
082 ## - DEWEY DECIMAL CLASSIFICATION NUMBER
Classification number 540.2462
Item number SHA/TE
100 ## - MAIN ENTRY--AUTHOR NAME
Personal name Shashi Chawla
245 ## - TITLE STATEMENT
Title A Text Book of Engineering Chemistry
260 ## - PUBLICATION, DISTRIBUTION, ETC. (IMPRINT)
Place of publication New Delhi
Name of publisher Dhanpat Rai & Co
Year of publication 2012
300 ## - PHYSICAL DESCRIPTION
Number of Pages IIC.24
650 ## - SUBJECT ADDED ENTRY--TOPICAL TERM
Topical Term Engineering Chemistry
942 ## - ADDED ENTRY ELEMENTS (KOHA)
Koha item type Books
Holdings
Withdrawn status Lost status Damaged status Collection code Home library Current library Shelving location Date acquired Source of acquisition Cost, normal purchase price Full call number Accession Number Koha item type
        KAUAET KAUAET General Stacks 30/03/2013 Aman Book Stall, Calicut 0.00 540.2462 SHA/TE 24018 Books
        KAUAET KAUAET General Stacks 30/03/2013 Aman Book Stall, Calicut 0.00 540.2462 SHA/TE 24019 Books
        KAUAET KAUAET General Stacks 06/06/2016 Penta Books 425.00 540.2462 SHA/TE 24204 Books
free website counter